Guía del cuerpo y la salud (Registro nro. 12247)

Detalles MARC
000 -LEADER
fixed length control field 00527nmm a22002177a 4500
005 - DATE AND TIME OF LATEST TRANSACTION
control field 20190814101440.0
006 - FIXED-LENGTH DATA ELEMENTS--ADDITIONAL MATERIAL CHARACTERISTICS--GENERAL INFORMATION
fixed length control field a||||| |||| 00| 0
007 - PHYSICAL DESCRIPTION FIXED FIELD--GENERAL INFORMATION
fixed length control field co |aa|aaaa
008 - FIXED-LENGTH DATA ELEMENTS--GENERAL INFORMATION
fixed length control field 160212b xxu||||| |||| 00| 0 spa d
041 ## - LANGUAGE CODE
Language code of text/sound track or separate title spa
082 ## - CLASIFICACIÓN
Clasificación 600 DC
110 ## - AUTOR CORPORATIVO
Corporate name or jurisdiction name as entry element Océano Multimedia
245 ## - TÍTULO
Title Guía del cuerpo y la salud
260 ## - PUBLICATION, DISTRIBUTION, ETC. (IMPRINT)
Place of publication España
260 ## - PUBLICATION, DISTRIBUTION, ETC. (IMPRINT)
Name of publisher Océano Multimedia
300 ## - PHYSICAL DESCRIPTION
Number of Pages 1 CD-ROM
650 ## - SUBJECT ADDED ENTRY--TOPICAL TERM
Topical Term SALUD
650 ## - SUBJECT ADDED ENTRY--TOPICAL TERM
Topical Term CUERPO HUMANO
650 ## - SUBJECT ADDED ENTRY--TOPICAL TERM
Topical Term GUÍA PARA PADRES
942 ## - ADDED ENTRY ELEMENTS (KOHA)
Koha item type Disco Compacto
Existencias
Withdrawn status Lost status Damaged status Not for loan Home library Current library Date acquired Total Checkouts Full call number Accession Number Date last seen Price effective from Koha item type
        Departamento de Biblioteca y Documentación Alfonso Chase Brenes Departamento de Biblioteca y Documentación Alfonso Chase Brenes 14/08/2019   600 DC 600DC 14/08/2019 14/08/2019 Disco Compacto